| 000 | 00000nam##2200000za#4500 |
| 001 | 9.679703 |
| 003 | CaOODSP |
| 005 | 20221028133915 |
| 007 | ta |
| 008 | 150407|1996||||xxc||||| f|0| 0 fre|d |
| 020 | |a0-660-94647-5 |
| 040 | |aCaOODSP|bfre |
| 043 | |an-cn--- |
| 086 | 1 |aCC273-2/96-1F |
| 110 | 2 |aCentre canadien d'hygiène et de sécurité au travail. |
| 245 | 13|aLa fiche technique sur la sécurité des substances : |bune explication des termes courants / |cpar Jessie M. Callaghan et al. |
| 260 | |aHamilton - Ontario : |bCentre canadien d'hygiène et de sécurité au travail |c1996. |
| 300 | |a24p. ; |c28 cm. |
| 500 | |a«Les fiches techniques sur la sécurité des substances (FTSS) renferment des renseignements de base sur la sécurité du travail avec les produits chimiques. La présente publication explique les termes utilisés fréquemment dans les FTSS.»--Introduction. |
| 520 | 3 |aLes fiches techniques sur la sécurité des substances (FTSS) renferment des renseignements de base sur la sécurité du travail avec les produits chimiques. La présente publication explique les termes utilisés fréquemment dans les FTSS.--Introduction |
| 563 | |aCouverture souple |
| 590 | |a97-31|b1997-08-01 |
| 691 | 07|aSanté au travail|2gcpds |
| 691 | 07|aSécurité en milieu de travail|2gcpds |
| 720 | 1 |aCallaghan, Jessie M. |
| 775 | 08|tThe Material Safety Data Sheet : |w(CaOODSP)9.646111 |
| 986 | |aP96-1F |